LIBRARY & INFORMATION CENTRE, KCAET, TAVANUR

ONLINE PUBLIC ACCESS CATALOGUE (OPAC)

Soil fertilty and fertilizers: An introduction to nutrient management / (Record no. 12995)

MARC details
000 -LEADER
fixed length control field 00581cam a2200193ua 4500
003 - CONTROL NUMBER IDENTIFIER
control field OSt
008 - FIXED-LENGTH DATA ELEMENTS--GENERAL INFORMATION
fixed length control field 221003b |||||||| |||| 00| 0 eng d
020 ## - INTERNATIONAL STANDARD BOOK NUMBER
ISBN 9788120330177
041 ## - LANGUAGE CODE
Language code of text/sound track or separate title eng
082 ## - DEWEY DECIMAL CLASSIFICATION NUMBER
Classification number 631.8
Item number HAV/SO
100 ## - MAIN ENTRY--AUTHOR NAME
Personal name Havlin, John L; .
245 ## - TITLE STATEMENT
Title Soil fertilty and fertilizers: An introduction to nutrient management /
250 ## - EDITION STATEMENT
Edition statement 7
260 ## - PUBLICATION, DISTRIBUTION, ETC. (IMPRINT)
Place of publication Singapore :
-- New Delhi
Name of publisher Pearson Education Asia ,
-- Prentice Hall of India
Year of publication 2003.
-- 2009
300 ## - PHYSICAL DESCRIPTION
Number of Pages ; .
700 1# - ADDED ENTRY--PERSONAL NAME
Personal name Beaton, James D; .
700 1# - ADDED ENTRY--PERSONAL NAME
Personal name Tisdale, Samuel L .
942 ## - ADDED ENTRY ELEMENTS (KOHA)
Koha item type Books
Holdings
Withdrawn status Lost status Damaged status Home library Current library Date acquired Accession Number Koha item type Collection code Shelving location Source of acquisition Cost, normal purchase price Full call number
      KAUAET KAUAET 07/04/2012 21159 Books          
      KAUAET KAUAET 30/03/2013 23657 Books Non-fiction General Stacks Calicut Book Distributors 395.00 631.8 HAV/SO
free website counter